| Tag |
First Indicator |
Second Indicator |
Subfields |
| LEADER |
00000cam a2200000 a 4500 |
| 001 |
in00000014965 |
| 005 |
20151007052931.0 |
| 008 |
870520s1987 coub b 00110 eng |
| 010 |
|
|
|a 87003358
|
| 020 |
|
|
|a 1555870368 (lib. bdg. : alk. paper) :
|c $25.00
|
| 035 |
|
|
|a (OCoLC)15860362
|
| 035 |
|
|
|9 AAA9771AM
|
| 040 |
|
|
|a DLC
|c DLC
|d TXA
|d UtOrBLW
|
| 043 |
|
|
|a f-cg---
|
| 049 |
|
|
|a TXAM
|c [A11057465]
|
| 050 |
0 |
0 |
|a HG3881.5.W57
|b L47 1987
|
| 082 |
0 |
|
|a 338.9675/1
|2 19
|
| 100 |
1 |
|
|a Leslie, Winsome J.
|
| 245 |
1 |
4 |
|a The World Bank & structural transformation in developing countries :
|b a case of Zaire /
|c Winsome J. Leslie.
|
| 264 |
|
1 |
|a Boulder, Colo. :
|b L. Rienner Publishers,
|c 1987.
|
| 300 |
|
|
|a xi, 208 pages :
|b 1 map ;
|c 24 cm.
|
| 336 |
|
|
|a text
|b txt
|2 rdacontent
|
| 337 |
|
|
|a unmediated
|b n
|2 rdamedia
|
| 338 |
|
|
|a volume
|b nc
|2 rdacarrier
|
| 504 |
|
|
|a Bibliography: pages 187-202.
|
| 500 |
|
|
|a Includes index.
|
| 610 |
2 |
0 |
|a World Bank
|z Congo (Democratic Republic)
|
| 651 |
|
0 |
|a Congo (Democratic Republic)
|x Economic policy.
|
| 740 |
0 |
|
|a World Bank and structural transformation in developing countries.
|
| 999 |
|
|
|a MARS
|
| 999 |
f |
f |
|s 8826d0ab-2252-386a-9bb1-8f98468e151e
|i 27bd874a-9f2a-3da1-9931-d6291f083fb4
|t 0
|
| 952 |
f |
f |
|p ric
|a Texas A&M University
|b Rellis Campus
|c Joint Library Facility
|d Remote Storage
|t 0
|e HG3881.5.W57 L47 1987
|h Library of Congress classification
|i unmediated -- volume
|m A14811057465
|
| 998 |
f |
f |
|a HG3881.5.W57 L47 1987
|t 0
|l Remote Storage
|